000 00792nam a2200217 a 4500
001 000048804
005 20201002061424.0
008 190412s2016 dr ac 000 0 spa d
020 _a9789945167450
040 _aDO-SdBNP
_bspa
_cBNPHU
082 _axxxx
_bM878t
100 1 _aMorrison, Heriberto
_96495
245 1 0 _aTemas deportivos globales, culturales y literarios /
_cHeriberto Morrison Fortunatos ; edición Luisa Rodríguez, Bienvenido Carmona (Hijo).
260 _aSanto Domingo :
_bBúho,
_c2016.
300 _a280 p. :
_bil., retrs. ;
_c23 cm.
500 _aIncluye datos biográficos del autor en las solapas
504 _aBibliografía : p. 279-280
590 _aInventariado, 2019/LP
700 1 _aRodríguez, Luisa,
_eed.
_976256
700 1 _aCarmona, Bienvenido,
_eed.
_976257
999 _c48292
_d48292